Carta de suelos de la República Argentina hoja 3363-17, Marcos Juárez /

Guardado en:
Autor Corporativo: Instituto Nacional de Tecnología Agropecuaria (Argentina). Centro de Investigación de Recursos Naturales.
Formato: Mapa
Idioma:Undetermined
Publicado: Buenos Aires : INTA, 1978.
Materias:
Etiquetas: Agregar Etiqueta
Sin Etiquetas, Sea el primero en etiquetar este registro!
LEADER 00932nem a22001695a 4500
001 EEA.libagro010183
005 20190510113214.0
008 141015s1978####ag########a#####1###und#d
082 0 4 |a 631.4782 
110 2 |a Instituto Nacional de Tecnología Agropecuaria (Argentina).  |b Centro de Investigación de Recursos Naturales. 
245 1 0 |a Carta de suelos de la República Argentina  |h [material cartográfico] :  |b hoja 3363-17, Marcos Juárez /  |c Instituto Nacional de Tecnología Agropecuaria, [Centro de Investigación de Recursos Naturales, Unidad de Reconocimiento de Suelos]. 
255 |a Escala 1:50.000 
260 |a Buenos Aires :  |b INTA,  |c 1978. 
300 |a 86 p. :  |b il. ;  |c 28 cm. +  |e 4 fotocartas pleg. en sobre. 
505 0 |a Hoja 3363-17-1 Colonia El Chajá -- Hoja 3363-17-2 Marcos Juárez -- Hoja 3363-17-3 Monte Buey -- Hoja 3363-17-4 Inriville. 
651 7 |a Argentina 
859 |a AR-BbBCA  |b BIB. AGRONOMIA  |h 631.4782  |i A691 3363-17  |p 1988/1109